[Event "Madrid-ch Previa B"]
[Site "Madrid"]
[Date "2023.02.17"]
[Round "6.2"]
[White "Rodriguez Avila, Alvaro"]
[Black "Cabanas Bravo, Juan Andres"]
[Result "1-0"]
[WhiteElo "2013"]
[BlackElo "1860"]
[PlyCount "91"]
[EventDate "2023.02.02"]
[EventType "swiss"]
[EventRounds "9"]
[EventCountry "ESP"]
[SourceTitle "EXT 2024"]
[Source "ChessBase"]
[SourceDate "2023.10.10"]
[SourceVersion "1"]
[SourceVersionDate "2023.10.10"]
[SourceQuality "1"]

1. e4 e5 2. Nf3 Nc6 3. Bb5 a6 4. Ba4 Nf6 5. 0-0 Nxe4 6. d4 b5 7. Bb3 d5 8. dxe5 Be6 9. c3 Nc5 10. Nbd2 g6 11. Bc2 Bg7 12. Re1 0-0 13. a4 Qd7 14. h3 b4 15. Nf1 a5 16. Ng3 Rfb8 17. Be3 Qe7 18. Bg5 Qf8 19. Qd2 bxc3 20. bxc3 Rb2 21. Qc1 Rab8 22. Rb1 Nxa4 23. Rxb2 Nxb2 24. Qf4 Nc4 25. Bf6 Nb6 26. Ng5 Re8 27. Qh4 h6 28. Nf3 Nd7 29. Ba4 Qc5 30. Re3 Rb8 31. Nh5 Bxf6 32. Nxf6+ Nxf6 33. exf6 Nd8 34. Qxh6 Qf8 35. Qh4 Rb1+ 36. Kh2 Qd6+ 37. g3 Rb2 38. Ng5 Rxf2+ 39. Kg1 Rxf6 40. Qh7+ Kf8 41. Qh8+ Ke7 42. Nh7 Rf1+ 43. Kxf1 c6 44. Qf8+ Kd7 45. Nf6+ Kc7 46. Ne8+ 1-0

[Event "Madrid-ch Seniors 65+"]
[Site "Madrid"]
[Date "2022.04.27"]
[Round "7"]
[White "Cabanas Bravo, Juan Andres"]
[Black "Perez Pascual, Arturo"]
[Result "1-0"]
[WhiteElo "1891"]
[BlackElo "1686"]
[PlyCount "63"]
[EventDate "2022.04.18"]
[EventType "swiss"]
[EventRounds "7"]
[EventCountry "ESP"]
[SourceTitle "EXT 2023"]
[Source "ChessBase"]
[SourceDate "2022.10.05"]
[SourceVersion "1"]
[SourceVersionDate "2022.10.05"]
[SourceQuality "1"]

1. e4 e5 2. c3 Nf6 3. d4 Nxe4 4. dxe5 Bc5 5. Qg4 Bxf2+ 6. Ke2 d5 7. Qxg7 Rf8 8. Bh6 Bc5 9. Nf3 Nc6 10. Nbd2 Bf5 11. Nb3 Be7 12. Nbd4 Nxd4+ 13. Nxd4 Qd7 14. Ke3 0-0-0 15. Bf4 Bg6 16. Bb5 c6 17. Be2 h5 18. e6 Qe8 19. Raf1 f6 20. Nxc6 Nd6 21. Nxe7+ Qxe7 22. Qxe7 Nf5+ 23. Kd2 Nxe7 24. Bh6 Rg8 25. Rxf6 Be4 26. Rhf1 h4 27. Be3 b6 28. Bf4 d4 29. Ba6+ Bb7 30. Bxb7+ Kxb7 31. Rf7 Rde8 32. Bd6 1-0

[Event "Madrid-ch Seniors 50"]
[Site "Madrid"]
[Date "2022.04.06"]
[Round "8"]
[White "Cabanas Bravo, Juan Andres"]
[Black "Vinas Lopez, Carlos"]
[Result "1/2-1/2"]
[WhiteElo "1903"]
[BlackElo "1860"]
[PlyCount "71"]
[EventDate "2022.03.28"]
[EventType "swiss"]
[EventRounds "9"]
[EventCountry "ESP"]
[SourceTitle "EXT 2023"]
[Source "ChessBase"]
[SourceDate "2022.10.05"]
[SourceVersion "1"]
[SourceVersionDate "2022.10.05"]
[SourceQuality "1"]

1. e4 e6 2. d4 d5 3. Nd2 dxe4 4. Nxe4 Bd7 5. Nf3 Bc6 6. Bd3 Nd7 7. 0-0 Ngf6 8. Ng3 Be7 9. c4 Bxf3 10. Qxf3 c6 11. b3 0-0 12. Bb2 Qa5 13. a3 Rfe8 14. Rfe1 Bf8 15. Rac1 Rad8 16. Bc3 Qc7 17. b4 Qb8 18. Nh5 Nxh5 19. Qxh5 g6 20. Qh4 Bg7 21. Re3 Nf8 22. Rce1 Rd7 23. Bc2 Qd8 24. Qg3 Bxd4 25. Bxd4 Rxd4 26. c5 Re7 27. h3 Red7 28. Qf3 Kg7 29. R3e2 Qf6 30. Qe3 R4d5 31. Qg3 Qg5 32. Qc3+ Qf6 33. Qg3 Qd8 34. Qc3+ Kg8 35. a4 a6 36. Be4 1/2-1/2

[Event "Madrid-ch Seniors 50"]
[Site "Madrid"]
[Date "2022.04.05"]
[Round "7"]
[White "Cabanas Bravo, Juan Andres"]
[Black "Rojas Pozo, Jose Luis"]
[Result "0-1"]
[WhiteElo "1903"]
[BlackElo "1856"]
[PlyCount "98"]
[EventDate "2022.03.28"]
[EventType "swiss"]
[EventRounds "9"]
[EventCountry "ESP"]
[SourceTitle "EXT 2023"]
[Source "ChessBase"]
[SourceDate "2022.10.05"]
[SourceVersion "1"]
[SourceVersionDate "2022.10.05"]
[SourceQuality "1"]

1. e4 c6 2. d4 d5 3. Nc3 dxe4 4. Nxe4 Nf6 5. Nxf6+ gxf6 6. Bc4 Bf5 7. Bf4 e6 8. Qd2 Nd7 9. Nf3 Nb6 10. Bb3 Nd5 11. Bg3 Bd6 12. 0-0 Qc7 13. Nh4 Bg6 14. f4 f5 15. c4 Nf6 16. c5 Be7 17. Rfe1 0-0-0 18. Qe3 Ne4 19. Kh1 Bh5 20. Nf3 Bxf3 21. gxf3 Nxg3+ 22. hxg3 Kb8 23. Rad1 Bf6 24. Rd2 h5 25. Red1 Rdg8 26. Rg2 Rg7 27. Rdd2 Qd8 28. Bd1 Qg8 29. Qf2 Rh6 30. Kh2 Rhg6 31. Qg1 Qh8 32. Be2 Rg8 33. Qd1 Rd8 34. Kh3 Rgg8 35. Bc4 Bxd4 36. b4 Bc3 37. Rxd8+ Rxd8 38. Qb3 h4 39. g4 fxg4+ 40. Rxg4 Qd4 41. Bf1 Be1 42. a3 f5 43. Rg6 Qxf4 44. Bg2 Bf2 45. Bf1 Bd4 46. b5 Be5 47. Rg2 cxb5 48. Bxb5 Rd2 49. Bc6 Qh2+ 0-1

[Event "Madrid-ch Previa-B"]
[Site "Madrid"]
[Date "2022.03.18"]
[Round "6"]
[White "Cabanas Bravo, Juan Andres"]
[Black "Santamaria Baeza, Adolfo"]
[Result "0-1"]
[WhiteElo "1903"]
[BlackElo "1875"]
[PlyCount "70"]
[EventDate "2022.03.03"]
[EventType "swiss"]
[EventRounds "9"]
[EventCountry "ESP"]
[SourceTitle "EXT 2023"]
[Source "ChessBase"]
[SourceDate "2022.10.05"]
[SourceVersion "1"]
[SourceVersionDate "2022.10.05"]
[SourceQuality "1"]

1. e4 e5 2. Nf3 Nc6 3. Bc4 Bc5 4. c3 Nf6 5. b4 Bb6 6. d3 h6 7. a4 a6 8. Qb3 0-0 9. Be3 d6 10. a5 Ba7 11. Nbd2 Ne7 12. Nf1 c6 13. Qc2 d5 14. Bxa7 Rxa7 15. Ba2 Ng6 16. Ne3 Be6 17. 0-0 Nh5 18. Rad1 f5 19. exf5 Bxf5 20. Nxf5 Rxf5 21. d4 Qf6 22. dxe5 Nxe5 23. Nxe5 Rxe5 24. Rde1 Rxe1 25. Rxe1 Ra8 26. c4 Qg5 27. cxd5 cxd5 28. Re3 Rf8 29. Qd1 Nf4 30. Rg3 Qe5 31. Re3 Qb2 32. Bb1 Nh3+ 33. gxh3 Qxf2+ 34. Kh1 Qxe3 35. Qc2 Rf1+ 0-1

[Event "Madrid-ch Previa-B"]
[Site "Madrid"]
[Date "2022.03.11"]
[Round "4"]
[White "Lozano Argueso, Cesar"]
[Black "Cabanas Bravo, Juan Andres"]
[Result "0-1"]
[WhiteElo "1723"]
[BlackElo "1903"]
[PlyCount "46"]
[EventDate "2022.03.03"]
[EventType "swiss"]
[EventRounds "9"]
[EventCountry "ESP"]
[SourceTitle "EXT 2023"]
[Source "ChessBase"]
[SourceDate "2022.10.05"]
[SourceVersion "1"]
[SourceVersionDate "2022.10.05"]
[SourceQuality "1"]

1. e4 e5 2. f4 exf4 3. Bc4 Qh4+ 4. Kf1 d5 5. Bxd5 Bd6 6. Nc3 Ne7 7. Nf3 Qh5 8. Bb3 c6 9. d4 f6 10. Qe1 g5 11. e5 fxe5 12. Ne4 Qh6 13. dxe5 Bc7 14. Nexg5 Rf8 15. Ne4 Bf5 16. Nf6+ Kd8 17. Qd1+ Kc8 18. g4 Qh3+ 19. Ke2 Qg2+ 20. Ke1 Bb6 21. Qe2 Qxh1+ 22. Kd2 Ba5+ 23. c3 Rd8+ 0-1

[Event "Merida World Heritage op 1st"]
[Site "Merida"]
[Date "2021.08.07"]
[Round "7"]
[White "Cabanas Bravo, Juan Andres"]
[Black "Villodre Miranda, Juan Alonso"]
[Result "1-0"]
[WhiteElo "1968"]
[BlackElo "1583"]
[PlyCount "52"]
[EventDate "2021.08.04"]
[EventType "swiss"]
[EventRounds "9"]
[EventCountry "ESP"]
[SourceTitle "EXT 2023"]
[Source "ChessBase"]
[SourceDate "2022.10.05"]
[SourceVersion "1"]
[SourceVersionDate "2022.10.05"]
[SourceQuality "1"]

1. e4 g6 2. d4 Bg7 3. Bc4 e6 4. f4 d5 5. exd5 exd5 6. Be2 f5 7. Nf3 Nf6 8. c4 0-0 9. Nc3 c6 10. Qb3 h6 11. Ne5 Kh7 12. Bf3 Ne4 13. cxd5 Nxc3 14. bxc3 Qh4+ 15. g3 Qe7 16. Ba3 Qc7 17. Bxf8 Bxf8 18. dxc6 Nxc6 19. 0-0 Nxe5 20. fxe5 Rb8 21. Rae1 b5 22. Re2 a5 23. g4 f4 24. Be4 Bb7 25. Qc2 Bxe4 26. Rxe4 Be7 1-0

[Event "Merida World Heritage op 1st"]
[Site "Merida"]
[Date "2021.08.06"]
[Round "5"]
[White "Hernandez Gonzalez, Manuel"]
[Black "Cabanas Bravo, Juan Andres"]
[Result "1-0"]
[WhiteElo "1625"]
[BlackElo "1968"]
[PlyCount "91"]
[EventDate "2021.08.04"]
[EventType "swiss"]
[EventRounds "9"]
[EventCountry "ESP"]
[SourceTitle "EXT 2023"]
[Source "ChessBase"]
[SourceDate "2022.10.05"]
[SourceVersion "1"]
[SourceVersionDate "2022.10.05"]
[SourceQuality "1"]

1. e4 e5 2. Nf3 Nc6 3. Bb5 a6 4. Ba4 b5 5. Bb3 Bc5 6. c3 Qf6 7. d4 exd4 8. e5 Qg6 9. cxd4 Bb4+ 10. Bd2 Nge7 11. 0-0 Bxd2 12. Qxd2 d5 13. Kh1 0-0 14. Nc3 Be6 15. Rac1 Rad8 16. Ne2 Bg4 17. Nf4 Qf5 18. Bc2 Qd7 19. Ng5 Bf5 20. Bb3 h6 21. Nf3 Be4 22. Rc5 Bxf3 23. gxf3 Qf5 24. Qe3 Na5 25. Nxd5 Nxd5 26. Bxd5 c6 27. Bxc6 Nc4 28. Qc3 Qf4 29. Rd1 Rc8 30. b3 Nb6 31. Be4 Rfd8 32. Rxc8 Rxc8 33. Qe3 Qxe3 34. fxe3 Rc3 35. d5 Kf8 36. d6 Ke8 37. Kg2 a5 38. Kf2 a4 39. bxa4 Nxa4 40. Rd2 Kd8 41. Rc2 b4 42. Rxc3 Nxc3 43. Bc2 Nxa2 44. Bb3 Nc1 45. Bxf7 b3 46. e6 1-0

[Event "Merida World Heritage op 1st"]
[Site "Merida"]
[Date "2021.08.05"]
[Round "2"]
[White "Cabanas Bravo, Juan Andres"]
[Black "Santos, Jose Guilherme B Li"]
[Result "0-1"]
[WhiteElo "1968"]
[BlackElo "2305"]
[PlyCount "118"]
[EventDate "2021.08.04"]
[EventType "swiss"]
[EventRounds "9"]
[EventCountry "ESP"]
[SourceTitle "EXT 2023"]
[Source "ChessBase"]
[SourceDate "2022.10.05"]
[SourceVersion "1"]
[SourceVersionDate "2022.10.05"]
[SourceQuality "1"]

1. e4 c5 2. Nf3 e6 3. d4 cxd4 4. Nxd4 Nc6 5. g3 Qc7 6. Bg2 Nf6 7. Nc3 a6 8. a4 Be7 9. Nb3 b6 10. 0-0 Bb7 11. f4 d6 12. g4 h6 13. Be3 Nd7 14. Qf3 g5 15. e5 d5 16. Nd4 gxf4 17. Nxc6 Bxc6 18. Qxf4 Nxe5 19. Bd4 f6 20. Rae1 0-0-0 21. Bxe5 fxe5 22. Qxe5 Qxe5 23. Rxe5 Kd7 24. Rf7 Kd6 25. Re2 Bh4 26. b3 Rdg8 27. h3 h5 28. Bf3 Rf8 29. Rxf8 Rxf8 30. Kg2 hxg4 31. hxg4 Bf6 32. Nd1 e5 33. Kh3 Rh8+ 34. Kg3 e4 35. Bg2 Ke5 36. Ne3 Bh4+ 37. Kh2 Kf4 38. Kg1 Be7 39. Kf1 Bc5 40. Nd1 Kxg4 41. c3 Rf8+ 42. Ke1 a5 43. Ne3+ Kf4 44. Nc2 Ke5 45. Bf1 Rf3 46. b4 axb4 47. cxb4 Be7 48. b5 Bh4+ 49. Kd2 Bxb5 50. axb5 Rxf1 51. Kc3 Rf3+ 52. Kb2 d4 53. Nb4 d3 54. Rd2 Rf2 55. Kc3 Rxd2 56. Kxd2 Bg5+ 57. Kc3 d2 58. Kc2 e3 59. Kd1 Ke4 0-1

[Event "Madrid-ch Final"]
[Site "Madrid"]
[Date "2021.05.28"]
[Round "7"]
[White "Demerson Joly, Javier"]
[Black "Cabanas Bravo, Juan Andres"]
[Result "0-1"]
[WhiteElo "1959"]
[BlackElo "1948"]
[PlyCount "100"]
[EventDate "2021.05.22"]
[EventType "swiss"]
[EventRounds "7"]
[EventCountry "ESP"]
[SourceTitle "CBM 203 Extra"]
[Source "ChessBase"]
[SourceDate "2021.09.30"]
[SourceVersion "1"]
[SourceVersionDate "2021.09.30"]
[SourceQuality "1"]

1. c4 Nf6 2. Nc3 d5 3. cxd5 Nxd5 4. e4 Nxc3 5. dxc3 Qxd1+ 6. Kxd1 Nd7 7. Be3 g6 8. Kc2 Bg7 9. h4 Nf6 10. f3 Be6 11. Ne2 a6 12. g4 0-0-0 13. Nf4 Bd7 14. h5 e5 15. Nd3 Rhe8 16. a4 Kb8 17. b4 Bc6 18. c4 Nxg4 19. fxg4 Bxe4 20. Rg1 Bxd3+ 21. Bxd3 e4 22. Be2 Bxa1 23. Rxa1 gxh5 24. g5 Rg8 25. Rh1 h6 26. Rxh5 hxg5 27. Rxg5 f6 28. Rxg8 Rxg8 29. Bd4 Kc8 30. Kd2 Kd7 31. Ke3 f5 32. c5 c6 33. Be5 Rg2 34. Bd6 Ke6 35. Bc4+ Kf6 36. Bf4 Rb2 37. b5 axb5 38. axb5 cxb5 39. Bd5 Rc2 40. Kd4 b4 41. Bxb7 b3 42. Bd5 b2 43. Ba2 Rc1 44. Be5+ Kg5 45. Kd5 b1Q 46. Bxb1 Rxb1 47. c6 e3 48. c7 Rc1 49. Bd4 Rxc7 50. Bxe3+ f4 0-1

[Event "Madrid-ch sf"]
[Site "Madrid"]
[Date "2021.05.08"]
[Round "4"]
[White "Del Castillo Izquierdo, Jose"]
[Black "Cabanas Bravo, Juan Andres"]
[Result "0-1"]
[WhiteElo "1728"]
[BlackElo "1948"]
[PlyCount "54"]
[EventDate "2021.05.05"]
[EventType "swiss"]
[EventRounds "9"]
[EventCountry "ESP"]
[SourceTitle "EXT 2022"]
[Source "ChessBase"]
[SourceDate "2021.10.06"]
[SourceVersion "1"]
[SourceVersionDate "2021.10.06"]
[SourceQuality "1"]

1. d4 Nf6 2. Nf3 c5 3. d5 b5 4. c4 bxc4 5. Nc3 d6 6. e4 g6 7. Bxc4 Bg7 8. e5 dxe5 9. Nxe5 0-0 10. Qb3 Qc7 11. Bf4 Nh5 12. Nb5 Qb6 13. Bg5 Bxe5 14. Bxe7 a6 15. d6 axb5 16. Bxf8 Qa5+ 17. Kf1 bxc4 18. Qe3 f6 19. Bh6 c3 20. Re1 Ng7 21. b3 Nc6 22. Qf3 Qa6+ 23. Kg1 Be6 24. h4 Nd4 25. Qe4 Qc6 26. Qd3 Rxa2 27. h5 Qa6 0-1

[Event "Madrid City-ch Seniors 50"]
[Site "Madrid"]
[Date "2021.04.13"]
[Round "6"]
[White "Cabanas Bravo, Juan Andres"]
[Black "Fiz Criado, Fidel"]
[Result "1-0"]
[WhiteElo "1971"]
[BlackElo "1863"]
[PlyCount "81"]
[EventDate "2021.04.06"]
[EventType "swiss"]
[EventRounds "9"]
[EventCountry "ESP"]
[SourceTitle "EXT 2022"]
[Source "ChessBase"]
[SourceDate "2021.10.06"]
[SourceVersion "1"]
[SourceVersionDate "2021.10.06"]
[SourceQuality "1"]

1. e4 e6 2. d4 d5 3. Nc3 Nf6 4. Bg5 Be7 5. e5 Nfd7 6. h4 a6 7. Qg4 f5 8. Qh5+ Kf8 9. Nge2 Bxg5 10. hxg5 Qe8 11. Nf4 Qxh5 12. Rxh5 Nb6 13. Ng6+ hxg6 14. Rxh8+ Kf7 15. a4 Nc6 16. 0-0-0 Bd7 17. Rxa8 Nxa8 18. Ne2 Nb6 19. b3 Be8 20. Nf4 Ne7 21. Kb2 c5 22. dxc5 Nd7 23. Nd3 Nc6 24. f4 Ne7 25. Be2 Nb8 26. Ka3 Bc6 27. b4 d4 28. Ne1 Nd5 29. Rxd4 Ne3 30. Bf3 Ke7 31. Kb3 Bd5+ 32. Bxd5 Nxd5 33. b5 Nd7 34. Nd3 axb5 35. axb5 Nc7 36. c4 Ke8 37. Kb4 Ke7 38. Ka5 Ke8 39. c6 b6+ 40. Kb4 Nb8 41. Nb2 1-0

[Event "Madrid City-ch Seniors 65"]
[Site "Madrid"]
[Date "2021.03.15"]
[Round "6"]
[White "Ghavami, Mahmoud"]
[Black "Cabanas Bravo, Juan Andres"]
[Result "0-1"]
[WhiteElo "1525"]
[BlackElo "1922"]
[PlyCount "50"]
[EventDate "2021.03.08"]
[EventType "swiss"]
[EventRounds "7"]
[EventCountry "ESP"]
[SourceTitle "EXT 2022"]
[Source "ChessBase"]
[SourceDate "2021.10.06"]
[SourceVersion "1"]
[SourceVersionDate "2021.10.06"]
[SourceQuality "1"]

1. c4 Nf6 2. g3 e5 3. Nc3 c6 4. e4 Bc5 5. Bg2 d6 6. Nge2 Ng4 7. 0-0 Qf6 8. Qe1 a5 9. h3 Nh6 10. d3 Qg6 11. Kh2 f5 12. f4 0-0 13. fxe5 dxe5 14. Na4 Ba7 15. Bd2 Na6 16. Bxa5 Ng4+ 17. Kh1 Ne3 18. Qc3 Nxf1 19. Rxf1 Be6 20. b4 fxe4 21. Rxf8+ Rxf8 22. Bxe4 Rf1+ 23. Kg2 Bxh3+ 24. Kh2 Rf2+ 25. Kh1 Qh5 0-1

[Event "Madrid-ch Previa-A"]
[Site "Madrid"]
[Date "2020.02.04"]
[Round "2"]
[White "Cabanas Bravo, Juan Andres"]
[Black "Jimenez Gonzalez, Marcos"]
[Result "1-0"]
[WhiteElo "1981"]
[BlackElo "1811"]
[PlyCount "63"]
[EventDate "2020.02.03"]
[EventType "swiss"]
[EventRounds "9"]
[EventCountry "ESP"]
[SourceTitle "EXT 2021"]
[Source "ChessBase"]
[SourceDate "2020.10.23"]
[SourceVersion "1"]
[SourceVersionDate "2020.10.23"]
[SourceQuality "1"]

1. e4 c6 2. Nc3 d5 3. Nf3 Bg4 4. h3 Bxf3 5. Qxf3 e6 6. d4 Nd7 7. Bd3 Ne7 8. Bg5 Qb6 9. 0-0-0 dxe4 10. Bxe4 Nd5 11. Bxd5 cxd5 12. Nxd5 Qa5 13. Rhe1 Bd6 14. Kb1 0-0 15. Be7 Bxe7 16. Nxe7+ Kh8 17. d5 Qb4 18. d6 Rad8 19. Re4 Qb6 20. Rf4 Ne5 21. Qh5 Ng6 22. Nxg6+ fxg6 23. Rxf8+ Rxf8 24. Qe2 Rxf2 25. Qxe6 Qc6 26. c4 h6 27. Qxg6 Qa4 28. Qd3 Qd7 29. Qd4 Rf6 30. Qxa7 Qf5+ 31. Ka1 Qd3 32. Qg1 1-0

[Event "Madrid-ch Seniors 50"]
[Site "Madrid"]
[Date "2020.01.23"]
[Round "9"]
[White "Cabanas Bravo, Juan Andres"]
[Black "De la Orden Alcocer, Alejandro"]
[Result "0-1"]
[WhiteElo "1947"]
[BlackElo "1972"]
[PlyCount "178"]
[EventDate "2020.01.13"]
[EventType "swiss"]
[EventRounds "9"]
[EventCountry "ESP"]
[SourceTitle "CBM 194 Extra"]
[Source "ChessBase"]
[SourceDate "2020.03.31"]
[SourceVersion "1"]
[SourceVersionDate "2020.03.31"]
[SourceQuality "1"]

1. e4 c5 2. Nf3 Nc6 3. d4 cxd4 4. Nxd4 Qb6 5. Nb3 Nf6 6. Nc3 e6 7. Be3 Qc7 8. Nb5 Qb8 9. Bd3 d5 10. exd5 Nxd5 11. Bd2 Be7 12. g3 Qe5+ 13. Qe2 Qxe2+ 14. Bxe2 a6 15. Nc3 Nxc3 16. Bxc3 Bb4 17. Bxb4 Nxb4 18. Bd1 Bd7 19. a3 Bc6 20. 0-0 Nd5 21. Bf3 0-0-0 22. Nd4 Ne7 23. Nxc6 Nxc6 24. Bxc6 bxc6 25. Rfd1 Rd5 26. c4 Rc5 27. Rac1 Rd8 28. Rxd8+ Kxd8 29. b4 Re5 30. Kf1 g5 31. Rc3 Re4 32. f3 Rd4 33. Ke2 Ke7 34. c5 h5 35. Rd3 Rxd3 36. Kxd3 e5 37. a4 f5 38. Kc4 g4 39. fxg4 hxg4 40. b5 axb5+ 41. axb5 cxb5+ 42. Kxb5 Kd8 43. Kc4 e4 44. Kc3 Kd7 45. Kd4 Kc7 46. Kc3 Kd8 47. Kc4 Ke7 48. Kc3 Ke6 49. Kc4 Ke5 50. Kb5 e3 51. c6 Kd6 52. Kb6 e2 53. c7 e1Q 54. c8Q Qb4+ 55. Ka6 Qa4+ 56. Kb6 Qd4+ 57. Kb5 Qd5+ 58. Kb4 Qd2+ 59. Kb5 Qb2+ 60. Ka5 Qa2+ 61. Kb5 Qb1+ 62. Ka5 Kd5 63. Qa8+ Kd4 64. Qa7+ Ke4 65. Qf2 Qc1 66. Qg2+ Ke3 67. h4 gxh3 68. Qxh3 Qc5+ 69. Ka4 Qc4+ 70. Ka3 Qg4 71. Qg2 Qf3 72. Qg1+ Ke2+ 73. Kb4 Qf2 74. Qc1 Qd4+ 75. Kb5 Kf3 76. Qe1 Kg4 77. Qe6 Qd3+ 78. Kc5 Kxg3 79. Qg6+ Kf2 80. Qh5 Qe3+ 81. Kd6 Qg3+ 82. Ke6 f4 83. Kf5 f3 84. Ke4 Kg2 85. Kd4 Qf4+ 86. Kd5 f2 87. Qg6+ Qg3 88. Qc2 Kg1 89. Qc5 Qg5+ 0-1